000 00565nam a2200229Ia 4500
003 OSt
005 20220924143119.0
006 a|||||r|||| 00| 0
007 ta
008 220923b |||||||| |||| 00| 0 ori d
024 _a306699
037 _cTextual
040 _aARTS
_cARTS
_bORI
041 _2ORI
_aORI
082 _aO1591,2, K4
100 _aMisra Lakshman
_9214798
245 0 _aSabu Abhinaya
260 _c1964
650 _aORIYA LITERATURE
_927692
942 _hO1591,2, K4
_cTEXL
_2CC
999 _c453188
_d453188